000 00734cam a22002291 4500
001 agr64000022
003 DLC
005 20260227111022.0
008 860228s1963 dcua f000 0 eng c
010 _aagr64000022
035 _a(OCoLC)13209855
040 _aU.S. Nat'l Agr. Libr.
_cNhD
_dNhD
_dDLC
050 0 0 _aS21
_b.F6 no. 123
070 0 _a1.943F763
_bno.123
100 1 _aParker, John B.
_q(John Bond),
_d1933-
245 1 0 _aAfrica's tobacco industry.
260 _a[Washington,
_bU.S. Govt. Print. Off.]
_c1963.
300 _avi, 118 p.
_billus.
_c26 cm.
410 1 0 _aUnited States.
_bForeign Agricultural Service.
_tForeign agricultural report
_vno. 123
650 0 _aTobacco
_zAfrica.
650 0 _aTobacco industry
_zAfrica.
999 _c11911
_d11911